| 000 | 00983 a2200193 4500 | ||
|---|---|---|---|
| 001 | 54707 | ||
| 005 | 20260407155822.0 | ||
| 008 | 260407a1964 arg spa d | ||
| 003 | AR-UNSa-BCEJYS | ||
| 040 |
_aAR-UNSa-BCEJYS _bspa _cAR-UNSa-BCEJYS |
||
| 080 |
_a323.17 _xAutonomía y autodeterminación de las nacionalidades (Federalismo...) |
||
| 245 | 1 | 0 |
_aSituación actual del federalismo _paspectos institucionales,; en particular sobre la realidad Argentina |
| 264 | 1 |
_aBuenos Aires : _bDepalma _c1964 |
|
| 300 |
_a82 p. _c23,5 cm. |
||
| 505 | _aI. Introducción - II. Algunas reflexiones previas - III. Federalismo: constitución y legislación - IV. Federalismo y partidos políticos nacionales - V. Federalismo y Poder Ejecutivo - VI. Federalismo y Poder Judicial - VII. Federalismo y recursos financieros - VIII. Federalismo y energía - IX. Federalismo y poder de policía | ||
| 942 | _cBK | ||
| 590 | _aniveau_biblio:m niveau_hierar:0 | ||
| 100 | 1 | _aVanossi, Jorge Reinaldo A. | |
| 999 |
_c5732 _d5732 |
||